000 00463nam a2200169Ia 4500
008 170705s9999 xx 000 0 und d
020 _a9780545382175
245 _aMy brother Charlie /
245 _cby Holly Robinson Peete, Ryan Elizabeth and Denene Millner ; pictures by Shane W. Evans.
260 _aNew York :
260 _bScholastic,
260 _c2010
300 _aunpaged :
300 _bcolor illustration ;
300 _c28cm.
500 _a540
999 _c337100
_d337100